000 00549nmm a2200181Ia 4500
008 251105s9999||||xx |||||||||||||||||und||
020 _a9788497886079
041 _aspa
100 _aRuiz de Querol, Ricard
245 0 _aLa sociedad de la información
264 _a[Madrid, España] :
_bUniversitat Oberta de Catalunya,
_c2007
300 _a98 páginas
650 _aTechnology and computing
700 _aRuiz de Querol, Ricard
700 1 _a Buira Ciprés, Jordi
856 _uhttps://public.digitaliapublishing.com/a/20341
942 _cCF
999 _c70846
_d70846